| 000 | 00575cam a2200241 4500 | ||
|---|---|---|---|
| 001 | M100629 | ||
| 008 | 000000n1999 000 0 eng u | ||
| 020 | _a1860812759 | ||
| 035 | _a(Sirsi) u100629 | ||
| 100 | _aLittlefair, P.J | ||
| 110 | _aBuilding Research Establishment | ||
| 245 | _aSolar Shading of buildings. | ||
| 260 |
_aLondon _bCRC Ltd. _c1999 |
||
| 300 | _a30p. : ill. ; 30cm. | ||
| 350 | _a35.00 | ||
| 650 | _aWINDOWS | ||
| 650 | _aSUN | ||
| 650 | _aGLAZING | ||
| 650 | _aBLINDS | ||
| 650 | _aLOUVRES | ||
| 690 | _aBUILT ENVIRONMENT | ||
| 942 | _n0 | ||
| 999 |
_c99726 _d99726 |
||